<?xml version="1.0" encoding="UTF-8"?>
<record
    xmlns:xsi="http://www.w3.org/2001/XMLSchema-instance"
    xsi:schemaLocation="http://www.loc.gov/MARC21/slim http://www.loc.gov/standards/marcxml/schema/MARC21slim.xsd"
    xmlns="http://www.loc.gov/MARC21/slim">

  <leader>01213nam a2200313   4500</leader>
  <controlfield tag="003">OSt</controlfield>
  <controlfield tag="005">20260601171007.0</controlfield>
  <controlfield tag="008">260418b1989\\\\mx\|||||\||||\00|\0\spa\d</controlfield>
  <datafield tag="020" ind1=" " ind2=" ">
    <subfield code="a">9686140417</subfield>
  </datafield>
  <datafield tag="040" ind1=" " ind2=" ">
    <subfield code="a">ICI</subfield>
    <subfield code="b">spa</subfield>
    <subfield code="c">ICI</subfield>
  </datafield>
  <datafield tag="041" ind1=" " ind2=" ">
    <subfield code="a">spa</subfield>
    <subfield code="g">spa</subfield>
  </datafield>
  <datafield tag="050" ind1=" " ind2=" ">
    <subfield code="a">F1331</subfield>
    <subfield code="b">P75</subfield>
  </datafield>
  <datafield tag="100" ind1=" " ind2="1">
    <subfield code="a"> Priego Ram&#xED;rez  Patricia, A. Rodr&#xED;guez Jos&#xE9;</subfield>
    <subfield code="9">32473</subfield>
  </datafield>
  <datafield tag="240" ind1=" " ind2=" ">
    <subfield code="a">La manera en que fuimos : </subfield>
    <subfield code="l">spa</subfield>
  </datafield>
  <datafield tag="245" ind1=" " ind2="1">
    <subfield code="a">La Manera en que fuimos :</subfield>
    <subfield code="b">Fotograf&#xED;a y Sociedad en Qro. 1840-1930 /</subfield>
    <subfield code="c">Patricia Priego Ramirez, Jose Antonio Rodriguez</subfield>
  </datafield>
  <datafield tag="260" ind1=" " ind2=" ">
    <subfield code="a">Queretaro, Qro.</subfield>
    <subfield code="b">obierno del Estado de Queretaro</subfield>
    <subfield code="c">1989</subfield>
  </datafield>
  <datafield tag="264" ind1=" " ind2=" ">
    <subfield code="b">Gobierno del Edo de Quer&#xE9;taro </subfield>
    <subfield code="c">1989</subfield>
    <subfield code="a">Queretaro, Qro.</subfield>
  </datafield>
  <datafield tag="300" ind1=" " ind2=" ">
    <subfield code="a">200 p&#xE1;ginas</subfield>
    <subfield code="b">ilustraciones</subfield>
  </datafield>
  <datafield tag="336" ind1=" " ind2=" ">
    <subfield code="a">texto</subfield>
    <subfield code="2">rdacontent</subfield>
  </datafield>
  <datafield tag="337" ind1=" " ind2=" ">
    <subfield code="a">sin medio</subfield>
    <subfield code="2">rdamedia</subfield>
  </datafield>
  <datafield tag="338" ind1=" " ind2=" ">
    <subfield code="a">volumen</subfield>
    <subfield code="2">rdacarrier</subfield>
  </datafield>
  <datafield tag="490" ind1=" " ind2=" ">
    <subfield code="a">Coleccion fotografia queretana</subfield>
  </datafield>
  <datafield tag="650" ind1=" " ind2=" ">
    <subfield code="a"> Fotograf&#xED;a</subfield>
    <subfield code="x">Historia</subfield>
    <subfield code="z">Queretaro</subfield>
    <subfield code="9">32474</subfield>
  </datafield>
  <datafield tag="651" ind1=" " ind2=" ">
    <subfield code="a">Quer&#xE9;taro (Estado) </subfield>
    <subfield code="x">Vida social y costumbres</subfield>
    <subfield code="9">32475</subfield>
  </datafield>
  <datafield tag="651" ind1=" " ind2=" ">
    <subfield code="a">Quer&#xE9;taro (Estado)</subfield>
    <subfield code="v">Obras ilustradas</subfield>
    <subfield code="x">Vida social y costumbres</subfield>
    <subfield code="9">32476</subfield>
  </datafield>
  <datafield tag="700" ind1=" " ind2=" ">
    <subfield code="a">Rodriguez, Jose Antonio</subfield>
    <subfield code="e">autor</subfield>
    <subfield code="9">2455</subfield>
  </datafield>
  <datafield tag="710" ind1=" " ind2=" ">
    <subfield code="a">Queretaro.</subfield>
    <subfield code="b">Direccion de Patrimonio Cultural</subfield>
    <subfield code="9">32477</subfield>
  </datafield>
  <datafield tag="942" ind1=" " ind2=" ">
    <subfield code="2">ddc</subfield>
    <subfield code="c">B</subfield>
  </datafield>
  <datafield tag="999" ind1=" " ind2=" ">
    <subfield code="c">20331</subfield>
    <subfield code="d">20331</subfield>
  </datafield>
</record>
